00300nam a2200121Ia 4500008004100000041001200041082001100053100001900064245006200083250000900145260001600154650000800170221030s9999 xx 000 0 und d aEnglish a105.23 aArjun Singh/88 0aEfficient log based recovery in multithread application a2005 aJammuc2005 aMCA